|
|
|
|
| LEADER |
01138pam a22003738a 4500 |
| 001 |
00035626 |
| 005 |
20171026081025.0 |
| 008 |
161214s2015 ||||||Viesd |
| 020 |
# |
# |
|c 119000
|a 978 604 59 2692 5
|
| 041 |
0 |
# |
|a Vie
|
| 082 |
1 |
4 |
|a 303.3
|b T550TH
|
| 245 |
0 |
0 |
|a Tứ thư lãnh đạo
|c Hòa Nhân; Nguyễn Thị Thanh;Nguyễn Đức Anh...[Và những người khác]
|b Thuật thông ngôn
|
| 250 |
# |
# |
|a Tái bản lần thứ 2
|
| 260 |
# |
# |
|a Hà Nội
|b Lao động - Xã hội
|c 2015
|
| 300 |
# |
# |
|a 401tr.
|c 24 cm.
|
| 653 |
# |
# |
|a Bí quyết thành công
|
| 653 |
# |
# |
|a Giao tiếp
|
| 653 |
# |
# |
|a Lãnh đạo
|
| 700 |
1 |
# |
|a Hòa Nhân
|
| 700 |
1 |
# |
|a Nguyễn Thị Thanh
|e Dịch
|
| 700 |
1 |
# |
|a Phan Vũ Tuấn Anh
|e Dịch
|
| 700 |
1 |
# |
|a Nguyễn Đức Anh
|e Dịch
|
| 852 |
# |
# |
|b Kho đọc
|j KD.0019128, KD.0017332
|
| 852 |
# |
# |
|j KD.0017332
|
| 910 |
0 |
# |
|d 14/12/2016
|
| 980 |
# |
# |
|a Trung tâm Học liệu Lê Vũ Hùng, Trường Đại học Đồng Tháp
|